Miejscowości w powiecie wejherowskim - Nagła Śmierć - Statystyki

Ogólne statystyki
  • Ten quiz został rozwiązany 61 razy
  • Średni wynik to 8 z 20
Answers on the Grid
Answers color-coded by a green-red scale on the quiz's grid according to % correct below.
Wejherowo
Reda
Rumia
Choczewo
Gniewino
Łęczyce
Luzino
Linia
Szemud
Gowino
Nowy Dwór Wejherowski
Bożepole Wielkie
Gościcino
Bojano
Koleczkowo
Kąpino
Kielno
Kowalewo
Lubiatowo
Nadole
Gdynia
Lębork
Kosakowo
Kazimierz
Dębogórze
Puck
Władysławowo
Krokowa
Chwaszczyno
Mrzezino
Sierakowice
Łeba
 
Statystyki odpowiedzi
Odpowiedź % Poprawnych
Wejherowo
74%
Luzino
61%
Szemud
61%
Rumia
57%
Gościcino
52%
Gowino
52%
Kąpino
52%
Reda
52%
Gniewino
48%
Bożepole Wielkie
39%
Nowy Dwór Wejherowski
39%
Choczewo
35%
Linia
35%
Łęczyce
30%
Koleczkowo
26%
Bojano
22%
Nadole
22%
Lubiatowo
17%
Kielno
13%
Kowalewo
13%
Nie znaleziono quizów pasujących do podanych kryteriów
Rozkład punktacji
Procent ludzi z każdym wynikiem
Percentyl według liczby udzielonych odpowiedzi
Twoja historia wyników
Nie rozwiązałeś tego quizu